Name Any Billboard Hit Song A-Z - Statistics

General Stats
  • This quiz has been taken 113 times
  • The average score is 12 of 25
Answer Stats
# possible Letter Answer % Correct
81 B Babe | Baby Baby | Baby Boy | Baby Come Back | Baby Don't Forget My Number...
85%
112 S S&M | Sad Eyes | Sad! | Sailing | Sara...
84%
45 A ABC | Abracadabra | Addicted to Love | Africa | Afternoon Delight...
75%
74 H Half-Breed | Hang On Sloopy | Hangin' Tough | Hanky Panky | Happening...
70%
76 L La Bamba | Lady | Lady Marmalade | Laffy Taffy | Last Friday Night T.G.I.F....
66%
98 I I Adore Mi Amor | I Am Woman | I Believe | I Can Help | I Can See Clearly Now...
64%
77 W Wait for U | Wake Me Up Before You Go-Go | Walk Like a Man | Walk Like an Egyptian | Walk Right In...
63%
45 D Da Doo Ron Ron | Da Ya Think I'm Sexy? | Dancing Queen | Dark Horse | Dark Lady...
61%
53 C Calcutta | California Gurls | Call Me | Call Me Maybe | Can't Feel My Face...
58%
17 J Jack & Diane | Jacob's Ladder | Jessie's Girl | Jimmy Cooks | Jive Talkin'...
55%
77 T Take a Bow | Take Good Care of My Baby | Take My Breath Away | Take On Me | Tears of a Clown...
55%
64 M Macarena | MacArthur Park | Mack the Knife | Maggie May | Magic...
53%
33 P Paint It Black | Panda | Papa Don't Preach | Papa Was a Rollin' Stone | Paperback Writer...
50%
28 E E.T. | Easier Said Than Done | Easy on Me | Ebony and Ivory | Eight Days a Week...
45%
43 R Rag Doll | Rain on Me | Raindrops Keep Fallin' on My Head | Raise Your Glass | Rapstar...
45%
12 U U Got It Bad | U Remind Me | Umbrella | Un-Break My Heart | Unbelievable...
45%
42 G Game of Love | Gangsta's Paradise | Genie in a Bottle | Georgia on My Mind | Get Back...
44%
26 Y Yeah! | Yesterday | You Ain't Seen Nothing Yet | You Are Not Alone | You Are the Sunshine of My Life...
43%
7 0-9 21 Questions | 3 | 4 Seasons of Loneliness | 50 Ways to Leave Your Lover | 7 Rings...
40%
29 F Faith | Fallin' | Fallin' in Love | Fame | Family Affair...
39%
17 K Kansas City | Karma Chameleon | Keep On Loving You | Keep on Truckin' | Killing Me Softly with His Song...
34%
18 N Na Na Hey Hey Kiss Him Goodbye | Need You Tonight | Never Gonna Give You Up | New Kid in Town | Next Time I Fall...
28%
22 O Ode to Billie Joe | Oh Girl | Oh Sheila | Oh, Pretty Woman | Old Town Road | OMG...
25%
6 V Venus | View to a Kill | Vision of Love | Viva la Vida | Vogue...
18%
1 Q Quarter to Three
0%
No matching quizzes found
Score Distribution
Percent of People with Each Score
Percentile by Number Answered
Your Score History
You have not taken this quiz